000 00232 a2200097 4500
001 35240
100 _aChatterjee R
245 _aAntenna theory and practice
260 _aN-Delhi
_bWiley eastern Ltd
_c1989
090 _c23351
_d23351
942 _aNUST-CAE
_cM
_c14838
999 _c270313
_d270313